Quizzes
Events
Quiz Creation
Community
Videos
Private Events
Remove Ads
Sign In
Join for FREE
Feedback
Dark Mode
Quiz Categories
Sports
Geography
Music
Movies
Television
Just For Fun
Miscellaneous
History
Literature
Language
Science
Gaming
Entertainment
Religion
Holiday
For Kids
Quiz Lab
Recent
Popular Today
Quiz Kudos Today
Editor Picks
Curator Picks
Quizzes by...
Day
Popularity
Type
Ratings
Length
Year
Community
Subscriptions
Recent Discussions
Orange Saloon
Badges
Playlists
Quests
Create
Leaderboards
Showdown
Live 5
Trivia Bingo
Activity
Puzzle Library
Sporcle Events
Private Events
Virtual Trivia
Globe League
Become a Host
Pub Owners
SporcleCon
Opinionation
Our Games
Videos
Blog
Mobile Apps
Partnerships
Remove Ads and Go Orange
Feedback
History
US Presidents
World Leaders
Politics
Nation
Discovery
War
Decade
Year
Century
Biography
Art
History
US Presidents
World Leaders
Politics
Nation
Discovery
War
Decade
Year
Century
Biography
Art
Random Quiz
Search Sporcle
×
Quiz Lab
Quiz Lab
History
final
Type in answers that appear in a list
Type in answers that appear in a list
Classic
Best Score? Go Orange.
Blakey Crim Final Stats
Can you name the Things we need to know for Blakey's final?
By
GeauxIrish
6m
36 Questions
22 Plays
22 Plays
22 Plays
Comments
Comments
Give Quiz Kudos
Give Quiz Kudos
-
- Ratings
hide this ad
Replay
Link that replays current quiz
Next Quiz
Link to next quiz in quiz playlist
You Got
0%
They Got
Avg Score
61%
Avg Friend Score
Upgrade to see
Score Distribution
Jump to the score distribution portion of the page
Score
0/36
Timer
06:00
0
Plays Today
Hint
% Correct
Specific Intent Felony Acronym
ELF BARF
95.5%
Common Law Felony Acronym
Mrs. R.M. Lamb
81.8%
Rape
72.7%
Poisonous Tree Cite
Wong Sun v. United States, 371 U.S. 471 (1963)
72.7%
Circulus in demonstrando
circular argument
68.2%
Petitio principii
circular argument
68.2%
Murder
68.2%
Sodomy
68.2%
Larceny
68.2%
Arson
68.2%
Larceny
68.2%
Argumentum ad antiquitatem
Tradition
63.6%
Tu quoque
you too
63.6%
Robbery
63.6%
Mayhem
63.6%
Burglary
63.6%
Embezzlement
63.6%
Burglary
63.6%
Hint
% Correct
Robbery
63.6%
State of Mind Cite
United States v. Bailey, 444 U.S. 394 (1980)
63.6%
Argumentum ad hominem
directed at person
59.1%
Argumentum ad misericordium
appeal to pity
59.1%
Argumentum ad numerum
appeal to numbers
59.1%
Non Sequitur
it does not follow
59.1%
Manslaughter
59.1%
Aggravated Assault
59.1%
Argumentum ad ignorantiam
ignorance
54.5%
Argumentum ad nauseam
repetition
54.5%
Argumentum ad populum
appeal to popularity
54.5%
Argumentum ad verecundiam
appeal to authority
54.5%
Dicto simpliciter
generalization
54.5%
Forgery
50%
False Pretenses
50%
Cum hoc ergo propter hoc
correlation not causation
45.5%
Post hoc ergo propter hoc
correlation not causation
45.5%
Argumentum ad logicam
false because one proof fails
40.9%
Quiz Playlist
Details
Report
Send in Message
Add To Playlist
Classic:
Type in answers that appear in a list
Last Updated: Feb 16, 2017
Quiz Scoreboard
CHALLENGE
Sign Up to Join the Scoreboard
Show All
Scores
Hide
Comments
May contain spoilers
Recently Published
Pick 6: Fruits
by JohnFran
Miscellaneous
15s
Click the 1999 NBA Draft
by nibperrychub
Sports
2m
Alphabetical 'K' Countries by Flag Minefield
by ylime102
Geography
3m
More to Explore
Quiz From the Vault
Featured Blog Post
15 Basketball Trivia Facts You Can Be March Mad About
hide this ad
You Might Also Like...
Tags
final
Today's Top Quizzes in History
Browse History
hide this ad
Today's Top Quizzes in final
Browse final
Top Contributed Quizzes in History
1
Famous Spring Paintings
2
Mahatma Gandhi, This Is Your Life
3
'NCAA' US History
4
I Am Born On March 18th
5
George Washington, This Is Your Life
6
Abraham Lincoln, This Is Your Life
7
Arab Spring Nations
8
Marco Polo, This Is Your Life
9
10 to 1: Generals by War
10
John F. Kennedy, This Is Your Life
Explore More
Trending Topics
Disney
Anime
Harry Potter
NBA
Kpop
Crossword
Marvel
Soccer
WWE
Song
NFL
The Office
Pokémon
Country
Puzzle
hide this ad
More By:
GeauxIrish
Quiz
Plays
Rating
Category
Featured
Created
Civ Pro Topic to Rule
263
5.00
Miscellaneous
May 8, 2011
Rules of Evidence (ND Barrett)
30
Miscellaneous
Dec 12, 2011
Blakey Crim Final
22
5.00
History
Dec 8, 2010
Immigration Law
14
Miscellaneous
May 8, 2011
Go to Creator's Profile
Score Distribution
Quiz Creator Spotlight
GeauxIrish
Follow
Send a Message
Quizzes Created
-
Created Quiz Play Count
-
More By This Creator
Popular Quizzes Today
1
Countries of Asia Without Outlines Minefield
2
Find the US States - No Outlines Minefield
3
Pick 6: Fruits
4
Alphabetical 'K' Countries by Flag Minefield
5
The Countries of the World
6
Find the US States
7
Match the Book to the Film X
8
US States
More History Quizzes
We Didn't Start the Fire: Historically Speaking II
Published
Trending Quizzes
Pick 6: Mountains
Pick 6: Harry Potter
Pick 6: NFL Teams
Pick 6: Movie Franchises
Pick 6: Golfers
Recently Updated
NWSL Teams
pecheneg
Women's Final Four Teams by Year
bhenderson79
Presidents Quartet II
eogle
Anything But Clue(do)
eogle
Anything But Oceanian Capitals
eogle
Anything But 7
eogle
Anything But Thing
eogle
Word Ladder: February 29
pecheneg
Song Title Questions
pecheneg
Women's NCAA Tournament #1 Seeds
pecheneg
Trending Topics
Harry Potter
Marvel
Crossword
Anime
Kpop
NBA
Disney
WWE
NFL
Pokémon
Song
The Office
Soccer
Country
Puzzle
Your Account Isn't Verified!
In order to create a playlist on Sporcle, you need to verify the email address you used during registration. Go to your
Sporcle Settings
to finish the process.
Report this User
Report this user for behavior that violates our
Community Guidelines
.
Details:
Send Report
Go to the Sporcle.com Mobile Site →
Comments